000 00423nam a22001577a 4500
003 MPLRDC
005 20220104124809.0
008 210129b ||||| |||| 00| 0 eng d
082 _a320.8 SAG v.4
100 _aDR.CARL SAGAN 原著
245 _a航向无际的宇宙. 四
_c沈君山中文版审订
260 _a
_b环华出版事业公司
_c
300 _b
650 _a天文学总论
942 _cBK
_o320.8 SAG v.4
999 _c22216
_d22206